000 00769cam a2200229 a 4500
001 000011688
005 20200929162529.0
008 960805s1993 cu a 001 0 spa
040 _aDO-SdBNP
_bspa
_cDLC
_dBNPHU
082 _a638.1
_bW499c
100 1 _aWerthein, Israel,
_d1904-
_927705
245 1 0 _aCuba :
_bparaíso de las abejas (cartas a mi nieto) /
_cIsrael Werthein ; edición, Guadalupe Hechavarría.
260 _aSantiago, (Cuba) :
_bOriente,
_c1993.
300 _a174 p. :
_bil. ;
_c19 cm.
650 4 _aApicultura
_927706
650 4 _aCultura de las abejas
_zCuba
_927707
650 4 _aMiel de abeja
_zCuba
_927708
650 4 _aMiel de abeja
_927709
700 1 _aHechavarría, Guadalupe
_eed.
_927710
910 _aCatalogación derivada
049 _aBNGR
999 _c11373
_d11373